000
00334nam a2200145Ia 4500
005
20251222140040.0
008
251222s1900||||xx |||||||||||||| ||spa||
020
_a
8460447057
082
_a
208/V65/Ej.2
100
_a
Vilar Hueso, Vicente
245
0
_a
En Torno a la Biblia:
250
_a
1ra. ed.
264
_b
SIFTEL
942
_c
LIB
999
_c
3242
_d
3242